Φορτώνει......

Microprocessor Architechture, Programming and Applications with the 8085 (with CD)

Λεπτομέρειες βιβλιογραφικής εγγραφής
Κύριος συγγραφέας: Ramesh Goankar
Έκδοση: CBS Publisher
Έκδοση:5
LEADER 00255 a2200097 4500
100 |a Ramesh Goankar 
245 |a Microprocessor Architechture, Programming and Applications with the 8085 (with CD) 
250 |a 5 
260 |b CBS Publisher 
942 |c BK  |6 _ 
999 |c 70200  |d 70200